<?xml version="1.0" encoding="UTF-8"?>
<record
    xmlns:xsi="http://www.w3.org/2001/XMLSchema-instance"
    xsi:schemaLocation="http://www.loc.gov/MARC21/slim http://www.loc.gov/standards/marcxml/schema/MARC21slim.xsd"
    xmlns="http://www.loc.gov/MARC21/slim">

  <leader>00594nam a22001937a 4500</leader>
  <controlfield tag="007">00</controlfield>
  <controlfield tag="008">160620b        xxu||||| |||| 00| 0 eng d</controlfield>
  <datafield tag="020" ind1=" " ind2=" ">
    <subfield code="a">2-7462-1087-8</subfield>
  </datafield>
  <datafield tag="040" ind1=" " ind2=" ">
    <subfield code="a">BUAC</subfield>
    <subfield code="c">BUC</subfield>
  </datafield>
  <datafield tag="041" ind1=" " ind2=" ">
    <subfield code="a">Fre.</subfield>
  </datafield>
  <datafield tag="100" ind1=" " ind2=" ">
    <subfield code="a">Lecoy, Pierre</subfield>
  </datafield>
  <datafield tag="245" ind1=" " ind2=" ">
    <subfield code="a">Principes et technologies des t&#xE9;l&#xE9;coms</subfield>
    <subfield code="c">/ Pierre Lecoy</subfield>
  </datafield>
  <datafield tag="260" ind1=" " ind2=" ">
    <subfield code="a">Paris :</subfield>
    <subfield code="b">Lavoisier,</subfield>
    <subfield code="c">2005</subfield>
  </datafield>
  <datafield tag="300" ind1=" " ind2=" ">
    <subfield code="a">447 p.</subfield>
    <subfield code="c">24 cm.</subfield>
    <subfield code="b">couv. en coul. ;</subfield>
  </datafield>
  <datafield tag="521" ind1=" " ind2=" ">
    <subfield code="a">Bibliogr. pp. (425 - 428) ; Lexique : pp. (429 - 440); Index : pp. (441- 447)</subfield>
  </datafield>
  <datafield tag="630" ind1=" " ind2=" ">
    <subfield code="a">SCIENCES APPLIQUEES</subfield>
  </datafield>
  <datafield tag="650" ind1=" " ind2=" ">
    <subfield code="2">T&#xE9;l&#xE9;communication : principe</subfield>
  </datafield>
  <datafield tag="942" ind1=" " ind2=" ">
    <subfield code="c">LBA</subfield>
  </datafield>
  <datafield tag="999" ind1=" " ind2=" ">
    <subfield code="c">54628</subfield>
    <subfield code="d">54628</subfield>
  </datafield>
  <datafield tag="952" ind1=" " ind2=" ">
    <subfield code="0">0</subfield>
    <subfield code="1">0</subfield>
    <subfield code="4">0</subfield>
    <subfield code="7">0</subfield>
    <subfield code="a">BUAC</subfield>
    <subfield code="b">BUAC</subfield>
    <subfield code="d">2015-06-11</subfield>
    <subfield code="e">Don ARES</subfield>
    <subfield code="f">16/379</subfield>
    <subfield code="l">0</subfield>
    <subfield code="o">621.39 LEC</subfield>
    <subfield code="p">16-379BUC</subfield>
    <subfield code="r">2016-06-20 00:00:00</subfield>
    <subfield code="t">1</subfield>
    <subfield code="w">2016-06-20</subfield>
    <subfield code="y">LBA</subfield>
  </datafield>
  <datafield tag="952" ind1=" " ind2=" ">
    <subfield code="0">0</subfield>
    <subfield code="1">0</subfield>
    <subfield code="4">0</subfield>
    <subfield code="7">0</subfield>
    <subfield code="a">BUAC</subfield>
    <subfield code="b">BUAC</subfield>
    <subfield code="c">R&#xE9;serve</subfield>
    <subfield code="d">2016-10-28</subfield>
    <subfield code="e">Don ABAR</subfield>
    <subfield code="f">16/1480</subfield>
    <subfield code="l">0</subfield>
    <subfield code="o">621.39 LEC </subfield>
    <subfield code="p">16-1480Buc </subfield>
    <subfield code="r">2017-03-03 00:00:00</subfield>
    <subfield code="t">2</subfield>
    <subfield code="w">2017-03-03</subfield>
    <subfield code="y">LBA</subfield>
  </datafield>
  <datafield tag="952" ind1=" " ind2=" ">
    <subfield code="0">0</subfield>
    <subfield code="1">0</subfield>
    <subfield code="4">0</subfield>
    <subfield code="7">0</subfield>
    <subfield code="a">BUAC</subfield>
    <subfield code="b">BUAC</subfield>
    <subfield code="c">R&#xE9;serve</subfield>
    <subfield code="d">2017-07-17</subfield>
    <subfield code="e">Don ARES</subfield>
    <subfield code="f">17/293</subfield>
    <subfield code="l">0</subfield>
    <subfield code="o">621.39 LEC</subfield>
    <subfield code="p">17-293Buc</subfield>
    <subfield code="r">2017-07-17 00:00:00</subfield>
    <subfield code="t">3</subfield>
    <subfield code="w">2017-07-17</subfield>
    <subfield code="y">LBA</subfield>
  </datafield>
</record>
